000 00480nam a2200181Ia 4500
005 20250326142723.0
008 250326s9999 xx 000 0 und d
037 _aTextbook
040 _aFMSL
_beng
_cFMSL
041 _aeng
_2eng
084 _qFMSL
100 _aThompson A A
_9735245
245 0 _aStrategy formulation and implementation
_cThompson A A; Strickland A J
260 _a.
_b., Business
_c1983
300 _a504p
942 _cTB
999 _c1296349
_d1296349